| 000 | 00868cam a2200265 4500 | ||
|---|---|---|---|
| 001 | 43645 | ||
| 003 | BD-RjUL | ||
| 005 | 20211209053729.0 | ||
| 008 | 160625m19581950nyuab b 001 0 eng | ||
| 035 | _a(BD-RjUL)43763 | ||
| 040 |
_aDLC _cDLC _dDLC _dBD-RjUL _beng |
||
| 041 | _aeng | ||
| 082 | 0 | 0 |
_a333.720973 _219 _bCON 1958 |
| 245 | 1 | 0 |
_aConservation of natural resources / _cEdited by Guy-harold smith |
| 250 | _a2nd ed. | ||
| 260 |
_aNew York : _bWiley, _c1958 |
||
| 300 |
_axiii,474 p. : _bill. ; _c25 cm. |
||
| 504 | _aBibliography: p. 655-660. | ||
| 650 | 0 |
_aConservation of natural resources _zUnited States. _917107 |
|
| 651 | 0 |
_aUnited States _xEconomic conditions. _917108 |
|
| 700 |
_asmith, Guy-harold, Edited _9134103 |
||
| 856 | 4 | 1 |
_3Table of contents only _uhttp://www.loc.gov/catdir/toc/fy0713/71129661.html |
| 942 |
_2ddc _cBK |
||
| 999 |
_c43645 _d43645 |
||